/ سرورِ عالم (Record no. 109248)

MARC details
000 -LEADER
fixed length control field 00734nam a22002537a 4500
005 - DATE AND TIME OF LATEST TRANSACTION
control field 20170123162351.0
010 ## - LIBRARY OF CONGRESS CONTROL NUMBER
LC control number 379855
020 ## - INTERNATIONAL STANDARD BOOK NUMBER
Terms of availability 4.00
035 ## - SYSTEM CONTROL NUMBER
System control number 379855
037 ## - SOURCE OF ACQUISITION
Source of stock number/acquisition Cen Lib/Ret
040 ## - CATALOGING SOURCE
Original cataloging agency DPL
Language of cataloging UR
082 ## - DEWEY DECIMAL CLASSIFICATION NUMBER
Classification number 270
Item number غ ل ا
100 ## - MAIN ENTRY--PERSONAL NAME
Personal name غلام رسول مہر
9 (RLIN) 136557
245 ## - TITLE STATEMENT
Title / سرورِ عالم
Statement of responsibility, etc غلام رسول مہر
246 ## - VARYING FORM OF TITLE
Title proper/short title Saroor-e- alam
Remainder of title Gulam Rasool Maher
260 ## - PUBLICATION, DISTRIBUTION, ETC. (IMPRINT)
Place of publication, distribution, etc دہلی
Name of publisher, distributor, etc چمن نک ڈپو
270 ## - ADDRESS
City دہلی
Address اردو بازار
Postal code 110006
300 ## - PHYSICAL DESCRIPTION
Extent 256p.
Dimensions 23cm(Hb)
650 ## - SUBJECT ADDED ENTRY--TOPICAL TERM
Topical term or geographic name as entry element مذہب
Form subdivision
9 (RLIN) 136558
650 ## - SUBJECT ADDED ENTRY--TOPICAL TERM
Topical term or geographic name as entry element اسلام
9 (RLIN) 136559
650 ## - SUBJECT ADDED ENTRY--TOPICAL TERM
Topical term or geographic name as entry element Religion
9 (RLIN) 136560
650 ## - SUBJECT ADDED ENTRY--TOPICAL TERM
Topical term or geographic name as entry element Islam
9 (RLIN) 5289
942 ## - ADDED ENTRY ELEMENTS (KOHA)
Source of classification or shelving scheme Dewey Decimal Classification
Koha item type Urdu Bks
Classification part 841.08
Call number suffix غ ا ل
Holdings
Withdrawn status Lost status Damaged status Not for loan Home library Current library Date acquired Source of acquisition Cost, normal purchase price Total Checkouts Full call number Barcode Date last seen Copy number Cost, replacement price Price effective from Koha item type
        Central Library Central Library 27/02/2016 Cen Lib/Ref 4.00   270 غ ل ا 379855 27/02/2016 1 4.00 27/02/2016 Urdu Bks

© Delhi Public Library
Hit Counter
free hit counter